000 00617nam a2200181Ia 4500
008 090124s9999 xx 000 0 und d
082 _b30758
_a7328
100 _aकुलकर्णी जी.ए.(गुरुनाथ आबाजी )
245 _a रमल खुणा
250 _a1
260 _c1999
300 _a160
600 _aकुलकर्णी जी.ए.(गुरुनाथ आबाजी )
630 _a रमल खुणा
700 _aकुलकर्णी जी.ए.(गुरुनाथ आबाजी )
730 _a रमल खुणा
942 _cBOOK
999 _c144238
_d144238